000 00514cam a2200181 a 4500
020 _a0444873937 (U.S.)
040 _cDLC
082 0 0 _a628 ELS 1989 A052 Or.
245 0 0 _aNitrogen management and ground water protection /
260 _aAmsterdam ;
_aNew York :
_bElsevier,
_c1989.
300 _axv, 395 p. :
_bill. ;
_c25 cm.
650 0 _aNitrogen fertilizers
650 0 _aGroundwater
650 0 _aWater quality management.
650 0 _aNitrogen in agriculture.
700 1 _aFollett, R. F.
942 _cEK
999 _c14723
_d14723